02552nam a2200349 i 4500001001000000003000900010005001700019007000300036008004100039040003000080082002200110100004900132245020100181264007700382300005600459336002700515337003300542338002800575500007500603505056400678505018901242590002601431650008701457700003901544700005601583910004201639942001401681952013401695952015301829952020301982999001702185000027496DO-SdBNP20240528105119.0ta110401s1999 dr ac 000 0 spa d aDO-SdBNPbspacBNPHUerda 4a725.17bA333e2221 aAlbert Batista, Celsa,d1942-930639eautora10aEstancia San Gerónimo :bsede de la cancillería de la República Dominicana, patrimonio histórico /cCelsa Albert Batista; edición, Ana E. Martínez ; prólogo, Eugenio Pérez Montás aSanto Domingo :bSecretaría de Estado de Relaciones Exteriores,c1999. a106 páginas :bIlustraciones, retratos. ;c20 cm. 2rdacontentatextobtxt 2rdamediaasin mediaciónbn 2rdacarrieravolumenbnc aIncluye referencias bibliográficas y notas al pie de las páginas.0 aPresentación /rDr. Eduardo Latorre --tPrólogo /rArq. Eugenio Pérez Montás --tIntroducción --gCapítulo 1 --tAspectos históricos-urbanísticos del entorno de la cancillería --gCapítulo 2 --tAntencedentes históricos e infraestructura de las instalaciones de la Secretaría de Estado de Relaciones Exteriores --gCapítulo 3 --tEstancia Ramfis : el nacimiento de la Era --gCapítulo 4 --tRelación de los bienes muebles en la evolución histórica de las edificaciones de la Secretaría de Estado de Relaciones Exteriores --0 aCapítulo 5 --tUna nueva etapa para la edificación del entorno monumental de la Secretaría de Estado de Relaciones Exteriores --tConclusiones --tBibliografía --tApéndices. aInventariado, 2024/BT 4aEdificios públicos.zSanto Domingo (Ciudad, República Dominicana{Rpara}9545761 aMartínez, Ana E.,92505eeditora1 aPérez Montás, Eugenio,d1933-919115eprólogo aValidado. Control de calidad. MMOLINA 2ddccLBS1 00102ddc51708PDaBNPHUbBNPHUcHDd2011-04-01l0oBNPHU PD 725.17 A333ep27496-10r2020-06-25w2020-06-25yLBS1ZNo se presta 00102ddc51708PDaBNPHUbBNPHUcCTd2014-12-06eDonado por Barbara Suncarl0oBNPHU PD 725.17 A333ep2023-8271r2023-12-06te.2w2023-12-06yLBS1 00102ddc56708DSaBNPHUbBNPHUcHDd2024-05-28eDonaciónl0oBNPHU DS 725.17 A333ep2024-3185r2024-05-28te.3w2024-05-28yLBS1zPerteneció a la biblioteca personal de Emilio Cordero Michel. c26988d26988